00235nam a2200085Ia 4500008004100000100002100041245005900062260002000121300000800141201217s9999 xx 000 0 und d aBayly, C A (Ed.) 3aAn illustratewd History of Modern India 1600 - 1947 aBombaybPearson a431